|
|
|
|
| LEADER |
03222nam a2200625 4500 |
| 001 |
978-3-030-20883-7 |
| 003 |
DE-He213 |
| 005 |
20191025231133.0 |
| 007 |
cr nn 008mamaa |
| 008 |
190522s2019 gw | s |||| 0|eng d |
| 020 |
|
|
|a 9783030208837
|9 978-3-030-20883-7
|
| 024 |
7 |
|
|a 10.1007/978-3-030-20883-7
|2 doi
|
| 040 |
|
|
|d GrThAP
|
| 050 |
|
4 |
|a QA76.9.M3
|
| 072 |
|
7 |
|a UYZM
|2 bicssc
|
| 072 |
|
7 |
|a BUS083000
|2 bisacsh
|
| 072 |
|
7 |
|a UYZM
|2 thema
|
| 072 |
|
7 |
|a UKR
|2 thema
|
| 082 |
0 |
4 |
|a 005.74
|2 23
|
| 245 |
1 |
0 |
|a Open Source Systems
|h [electronic resource] :
|b 15th IFIP WG 2.13 International Conference, OSS 2019, Montreal, QC, Canada, May 26-27, 2019, Proceedings /
|c edited by Francis Bordeleau, Alberto Sillitti, Paulo Meirelles, Valentina Lenarduzzi.
|
| 250 |
|
|
|a 1st ed. 2019.
|
| 264 |
|
1 |
|a Cham :
|b Springer International Publishing :
|b Imprint: Springer,
|c 2019.
|
| 300 |
|
|
|a VIII, 173 p. 21 illus., 12 illus. in color.
|b online resource.
|
| 336 |
|
|
|a text
|b txt
|2 rdacontent
|
| 337 |
|
|
|a computer
|b c
|2 rdamedia
|
| 338 |
|
|
|a online resource
|b cr
|2 rdacarrier
|
| 347 |
|
|
|a text file
|b PDF
|2 rda
|
| 490 |
1 |
|
|a IFIP Advances in Information and Communication Technology,
|x 1868-4238 ;
|v 556
|
| 520 |
|
|
|a This book is open access under a CC BY 4.0 license.
|
| 650 |
|
0 |
|a Management information systems.
|
| 650 |
|
0 |
|a Computer science.
|
| 650 |
|
0 |
|a Software engineering.
|
| 650 |
|
0 |
|a Computers.
|
| 650 |
|
0 |
|a Computer system failures.
|
| 650 |
|
0 |
|a Application software.
|
| 650 |
|
0 |
|a Computer security.
|
| 650 |
1 |
4 |
|a Management of Computing and Information Systems.
|0 http://scigraph.springernature.com/things/product-market-codes/I24067
|
| 650 |
2 |
4 |
|a Software Engineering.
|0 http://scigraph.springernature.com/things/product-market-codes/I14029
|
| 650 |
2 |
4 |
|a The Computing Profession.
|0 http://scigraph.springernature.com/things/product-market-codes/I24075
|
| 650 |
2 |
4 |
|a System Performance and Evaluation.
|0 http://scigraph.springernature.com/things/product-market-codes/I13049
|
| 650 |
2 |
4 |
|a Computer Appl. in Social and Behavioral Sciences.
|0 http://scigraph.springernature.com/things/product-market-codes/I23028
|
| 650 |
2 |
4 |
|a Systems and Data Security.
|0 http://scigraph.springernature.com/things/product-market-codes/I28060
|
| 700 |
1 |
|
|a Bordeleau, Francis.
|e editor.
|4 edt
|4 http://id.loc.gov/vocabulary/relators/edt
|
| 700 |
1 |
|
|a Sillitti, Alberto.
|e editor.
|4 edt
|4 http://id.loc.gov/vocabulary/relators/edt
|
| 700 |
1 |
|
|a Meirelles, Paulo.
|e editor.
|0 (orcid)0000-0002-8923-2814
|1 https://orcid.org/0000-0002-8923-2814
|4 edt
|4 http://id.loc.gov/vocabulary/relators/edt
|
| 700 |
1 |
|
|a Lenarduzzi, Valentina.
|e editor.
|0 (orcid)0000-0003-0511-5133
|1 https://orcid.org/0000-0003-0511-5133
|4 edt
|4 http://id.loc.gov/vocabulary/relators/edt
|
| 710 |
2 |
|
|a SpringerLink (Online service)
|
| 773 |
0 |
|
|t Springer eBooks
|
| 776 |
0 |
8 |
|i Printed edition:
|z 9783030208820
|
| 776 |
0 |
8 |
|i Printed edition:
|z 9783030208844
|
| 776 |
0 |
8 |
|i Printed edition:
|z 9783030208851
|
| 830 |
|
0 |
|a IFIP Advances in Information and Communication Technology,
|x 1868-4238 ;
|v 556
|
| 856 |
4 |
0 |
|u https://doi.org/10.1007/978-3-030-20883-7
|z Full Text via HEAL-Link
|
| 912 |
|
|
|a ZDB-2-SCS
|
| 950 |
|
|
|a Computer Science (Springer-11645)
|